Top 30 Universities on a World Map - Statistics

General Stats
  • This quiz has been taken 180 times
  • The average score is 15 of 30
Answers on the Map
Answers color-coded by a green-red scale on the quiz's map according to % correct below.
 
Answer Stats
Country Rank (2025) Answer % Correct
USA 4 Harvard University
94%
UK 3 University of Oxford
93%
UK 5 University of Cambridge
88%
USA 23 Yale University
78%
UK 9 UCL
70%
USA 6 Stanford University
66%
Australia 13 The University of Melbourne
65%
Australia 18 The University of Sydney
65%
USA 1 Massachusetts Institute of Technology (MIT)
64%
USA 22 Princeton University
64%
Switzerland 7 ETH Zurich
63%
UK 27 The University of Edinburgh
63%
USA 21 University of Chicago
63%
Canada 25 University of Toronto
60%
China 17 The University of Hong Kong
57%
China 14 Peking University
55%
Germany 28 Technical University of Munich
53%
USA 12 University of California, Berkeley (UCB)
51%
USA 16 Cornell University
44%
Canada 29 McGill University
38%
USA 10 California Institute of Technology (Caltech)
36%
USA 11 University of Pennsylvania
34%
Switzerland 26 EPFL – École polytechnique fédérale de Lausanne
32%
UK 2 Imperial College London
32%
China 20 Tsinghua University
29%
Australia 19 The University of New South Wales (UNSW Sydney)
22%
Singapore 15 Nanyang Technological University, Singapore (NTU Singapore)
21%
Singapore 8 National University of Singapore (NUS)
19%
Australia 30 Australian National University (ANU)
17%
France 24 Université PSL
8%
No matching quizzes found
Score Distribution
Percent of People with Each Score
Percentile by Number Answered
Your Score History
You have not taken this quiz